| 000 | 00000nam##2200000za#4500 |
| 001 | 9.569136 |
| 003 | CaOODSP |
| 005 | 20210624181624 |
| 007 | cr ||||||||||| |
| 008 | 150406|2001||||xxc|||||o f|0| 0 eng|d |
| 040 | |aCaOODSP|beng |
| 043 | |an-cn--- |
| 086 | 1 |aBT31-4/14-2001E-PDF |
| 110 | 1 |aCanada. |bTreasury Board. |
| 245 | 10|aTransport Canada, performance report for the period ending March 31, 2001 |h[electronic resource] |
| 246 | 3 |aTransport Canada, departmental performance report for the period ending March 31, 2001 |
| 260 | |aOttawa - Ontario : |bTreasury Board of Canada Secretariat |cc2001. |
| 300 | |a57p.|bcoloured figs., graphs, illus. (some coloured), organization chart, tables, photographs, index |
| 490 | 1 |aPerformance report for the period ending March 31, 2001 |vFor the period ending March 31, 2001 |
| 500 | |aThe catalogue number (BT31-4/14-2001) and ISBN (0-660-61735-8) for the bilingual print edition have been incorrectly copied in this electronic publication. |
| 590 | |a11-04-Supp|b2011-02-17 |
| 775 | 08|tTransports Canada, rapport sur le rendement pour la période se terminant le 31 mars 2001 |w(CaOODSP)9.600374 |
| 776 | 0#|tTransports Canada |w(CaOODSP)9.535631 |
| 776 | 0#|tTransport Canada |w(CaOODSP)9.535630 |
| 830 | #0|aPerformance report for the period ending March 31, 2001 ;|vFor the period ending March 31, 2001|w(CaOODSP)9.506311 |
| 856 | 40|ahttp://publications.gc.ca|qPDF|s711 KB|uhttps://publications.gc.ca/collections/Collection/BT31-4-14-2001E.pdf|yFor the period ending March 31, 2001 |